<?xml version="1.0" encoding="UTF-8"?><?xml-stylesheet type="text/xsl" href="static/style.xsl"?><OAI-PMH xmlns="http://www.openarchives.org/OAI/2.0/" xmlns:xsi="http://www.w3.org/2001/XMLSchema-instance" xsi:schemaLocation="http://www.openarchives.org/OAI/2.0/ http://www.openarchives.org/OAI/2.0/OAI-PMH.xsd"><responseDate>2026-04-17T19:24:44Z</responseDate><request verb="GetRecord" identifier="oai:www.recercat.cat:10230/23428" metadataPrefix="marc">https://recercat.cat/oai/request</request><GetRecord><record><header><identifier>oai:recercat.cat:10230/23428</identifier><datestamp>2025-12-19T20:28:25Z</datestamp><setSpec>com_2072_6</setSpec><setSpec>col_2072_452954</setSpec></header><metadata><record xmlns="http://www.loc.gov/MARC21/slim" xmlns:dcterms="http://purl.org/dc/terms/" xmlns:xsi="http://www.w3.org/2001/XMLSchema-instance" xmlns:doc="http://www.lyncode.com/xoai" xsi:schemaLocation="http://www.loc.gov/MARC21/slim http://www.loc.gov/standards/marcxml/schema/MARC21slim.xsd">
   <leader>00925njm 22002777a 4500</leader>
   <datafield ind2=" " ind1=" " tag="042">
      <subfield code="a">dc</subfield>
   </datafield>
   <datafield ind2=" " ind1=" " tag="720">
      <subfield code="a">Briesmaster Forner, Judith</subfield>
      <subfield code="e">author</subfield>
   </datafield>
   <datafield ind2=" " ind1=" " tag="260">
      <subfield code="c">2015-04-15T13:13:05Z</subfield>
   </datafield>
   <datafield ind2=" " ind1=" " tag="260">
      <subfield code="c">2015-04-15T13:13:05Z</subfield>
   </datafield>
   <datafield ind2=" " ind1=" " tag="260">
      <subfield code="c">2014</subfield>
   </datafield>
   <datafield ind2=" " ind1=" " tag="520">
      <subfield code="a">Treball de fi de màster en Lingüística Teòrica i Aplicada</subfield>
   </datafield>
   <datafield ind2=" " ind1=" " tag="520">
      <subfield code="a">La presente investigación tiene como objetivo conocer cómo adolescentes latinoamericanos de la generación 1.5 de inmigrantes, conceptualizan su identidad socio-cultural a través de sus narrativas. La metodología narrativa fue utilizada en este estudio dado que la práctica de narrar implica “hacer” nuestra identidad y mostrar nuestro verdadero yo mediante los relatos, creencias, sentimientos, etc. que salen a la luz durante el relato. Los resultados demuestran que a través de sus narrativas, los adolescentes inmigrantes latinoamericanos caracterizan la membrecía a la cultura catalana por el dominio del catalán y la mentalidad catalana. Por otra parte, la membrecía a la cultura de origen es conceptualizada por la participación en costumbres y tradiciones, la apariencia física latina, el tener recuerdos o conocimiento del país natal, y el mantener la lengua materna. El mecanismo narrativo más frecuentemente utilizado para hablar de la identidad cultural es la satisfacción comunitaria y el menos utilizado es el sentido de continuidad. Las narrativas de los adolescentes entrevistados demuestran que un 50% de ellos se ha asimilado completamente a la cultura, y el otro 50% de ellos está en la etapa de aculturación. Las conclusiones destacan la falta de una fuerte identidad cultural en base a la cultura de origen y la poca satisfacción con la cultura catalana.</subfield>
   </datafield>
   <datafield tag="653" ind2=" " ind1=" ">
      <subfield code="a">Anàlisi del discurs -- Ensenyament</subfield>
   </datafield>
   <datafield tag="653" ind2=" " ind1=" ">
      <subfield code="a">Anàlisi del discurs narratiu</subfield>
   </datafield>
   <datafield tag="653" ind2=" " ind1=" ">
      <subfield code="a">Identidad socio-cultural</subfield>
   </datafield>
   <datafield tag="653" ind2=" " ind1=" ">
      <subfield code="a">Adolescencia</subfield>
   </datafield>
   <datafield tag="653" ind2=" " ind1=" ">
      <subfield code="a">Inmigración</subfield>
   </datafield>
   <datafield tag="653" ind2=" " ind1=" ">
      <subfield code="a">Discurso</subfield>
   </datafield>
   <datafield tag="653" ind2=" " ind1=" ">
      <subfield code="a">Narrativas</subfield>
   </datafield>
   <datafield ind2="0" ind1="0" tag="245">
      <subfield code="a">La conceptualización de la identidad socio-cultural en narrativas de adolescentes inmigrantes que viven en Barcelona</subfield>
   </datafield>
</record></metadata></record></GetRecord></OAI-PMH>